000 00325nam a2200109Ia 4500
008 190216s9999||||xx |||||||||||||| ||und||
100 _aPadmanabhan Nair
245 0 _aMalayalam-Yathravivaranam-Periplus Erithriyan Kadaltheerathiloode Oru Kappal Yathra
260 _bVidyarthimithram
650 _aYathravivaranam
942 _cBK
999 _c26276
_d26276